The European Union and China Trade Presence in Serbia

Tento príspevok sa venoval obchodnej prítomnosti EÚ a Číny v Srbsku, skúmal obchodnú pozíciu EÚ a Číny v Srbsku, intenzitu ich vzájomného zahraničného obchodu (index TII) a obchodnú konkurencieschopnosť exportu Srbska vo vybraných obchodovaných komoditách ( index RCA1). Potvrdilo sa, že obchodná poz...

Descrizione completa

Salvato in:
Dettagli Bibliografici
Autore principale: Zubaľová, Ľubica, 1969-
Altri autori: Drieniková, Kristína, 1982-, Ujlaky, Lívia, Ďurčeková, Eva Mária
Natura: Capitolo di libro
Lingua:inglese
Soggetti:
Tags: Aggiungi Tag
Nessun Tag, puoi essere il primo ad aggiungerne!!

MARC

LEADER 00000naa a2200000 4500
001 0298005
005 20250228095527.5
041 0 |a eng 
044 |a MK 
245 1 0 |a The European Union and China Trade Presence in Serbia  |c Ľubica Zubaľová, Kristína Drieniková, Lívia Ujlaky, Eva Mária Ďurčeková 
520 |a Tento príspevok sa venoval obchodnej prítomnosti EÚ a Číny v Srbsku, skúmal obchodnú pozíciu EÚ a Číny v Srbsku, intenzitu ich vzájomného zahraničného obchodu (index TII) a obchodnú konkurencieschopnosť exportu Srbska vo vybraných obchodovaných komoditách ( index RCA1). Potvrdilo sa, že obchodná pozícia EÚ v Srbsku je jednoznačne výraznejšia ako pozícia Číny a intenzita obchodu bola vysoká. Obchodná pozícia Číny však rástla aj napriek intenzite obchodnej výmeny, ktorá bola hlboko pod potenciálom. Nízke hodnoty srbského indexu konkurencieschopnosti sú však závažnou prekážkou zvyšovania srbského exportu a niektorými pretrvávajúcimi prekážkami v rámci exportných procedúr. Znepokojujúca zostáva aj rastúca pasívna obchodná bilancia vo vzťahoch s Čínou. 
610 2 0 |a Čína 
610 2 0 |a Európska únia 
610 2 0 |a vzťahy hospodárske medzinárodné 
610 2 0 |a Srbsko 
610 2 0 |a obchod medzinárodný 
610 2 0 |a regióny ekonomické 
610 2 0 |a Balkán 
100 1 |a Zubaľová, Ľubica, 1969- 
700 1 |a Drieniková, Kristína, 1982- 
700 1 |a Ujlaky, Lívia 
700 1 |a Ďurčeková, Eva Mária